00505nmm a2200145Ia 4500008004100000020001800041041000800059100002200067245009300089264005200182300001800234490002800252650002900280856005000309251105s9999||||xx |||||||||||||||||und|| a9788488123725 aspa aMontero, Mercedes 0aLa conquista del espacio público :b Mujeres españolas en la Universidad (1910-1936) a[Madrid, España] :bMinerva Ediciones, c2009 a288 páginas aEstudios sobre la mujer aGender and Women Studies uhttps://public.digitaliapublishing.com/a/1978